LEADER 01234nam a2200277 i 4500 001 000000172401 003 CaOOAMICUS 005 20190305113030.0 008 081107s1964 it u000 u ita u 013 $a149843 040 $aSeMil$bita 100 1 $aBechis, Ettore.$0(OLS)http://semarc/name/64451 245 10$aTonaca senza prete :$bil servo di Dio Fratel Gabriele Taborin Fondatore dell'Istituto della Sacra Famiglia di Belley /$cdi Ettore Bechis. 260 $aTorino :$bBorla,$c1964. 300 $a226 p., [7] p. di tav. ;$c21 cm. 490 0 $aTestimonianze [Borla] ;$v82 500 $aFondo card. Giovanni Colombo. 650 4$aTaborin, Gabriele .$0(OLS)http://semarc/subject/22236 830 0$aTestimonianze ;$v82.$0(OLS)http://semarc/title/6368 850 $aSeMil 852 $aSeMil$W1$xVenegono$y1$m3G V 114$j123263$B123263$CSeMilBibl$Z2$F138108 $81 941 1 $a3 961 $aLascito: Colombo Card. Giovanni 996 $6245$aTonaca senza prete :$bil servo di Dio Fratel Gabriele Taborin Fondatore dell'Istituto della Sacra Famiglia di Belley$9(OLS)http://semarc/title/246860 996 $6260$aTorino :$bBorla$9(OLS)http://semarc/publisher/29913